The Australian Surveyor (Record no. 118521)

MARC details
000 -LEADER
fixed length control field 00656cas a22002055a 4500
001 - CONTROL NUMBER
control field L137
008 - FIXED-LENGTH DATA ELEMENTS--GENERAL INFORMATION
fixed length control field 070627d19282003au qr p 0 a0eng
022 1# - INTERNATIONAL STANDARD SERIAL NUMBER
International Standard Serial Number 0005-0326
035 ## - SYSTEM CONTROL NUMBER
System control number (Sirsi) u98774
041 0# - LANGUAGE CODE
Language code of text/sound track or separate title eng
110 2# - MAIN ENTRY--CORPORATE NAME
Corporate name or jurisdiction name as entry element Institution of Surveyors Australia
9 (RLIN) 2571
245 04 - TITLE STATEMENT
Title The Australian Surveyor
Remainder of title The Journal of the Institution of Surveyors, Australia inc.
260 ## - PUBLICATION, DISTRIBUTION, ETC.
Place of publication, distribution, etc. Deakin
Name of publisher, distributor, etc. Institution of Surveyors, Australia inc.
Date of publication, distribution, etc. 1928-2003
362 0# - DATES OF PUBLICATION AND/OR SEQUENTIAL DESIGNATION
Dates of publication and/or sequential designation 3(1) March 1931-45(1) June 2000
554 ## -
-- Four per year
651 #4 - SUBJECT ADDED ENTRY--GEOGRAPHIC NAME
Geographic name Australia
690 ## - LOCAL SUBJECT ADDED ENTRY--TOPICAL TERM (OCLC, RLIN)
Topical term or geographic name as entry element MANAGEMENT-BUSINESS MANAGEMENT-PROFESSIONAL PRACTICE
942 ## - ADDED ENTRY ELEMENTS (KOHA)
Suppress in OPAC 0
948 ## - LOCAL PROCESSING INFORMATION (OCLC); SERIES PART DESIGNATOR (RLIN)
c (OCLC) 09/03/1994
Holdings
Withdrawn status Lost status Source of classification or shelving scheme Damaged status Not for loan Home library Current library Shelving location Date acquired Total Checkouts Full call number Barcode Date last seen Copy number Price effective from Koha item type
    Dewey Decimal Classification     London London Basement 29/04/2004   AUSTRALIAN SURVEYOR 98774-2001 06/08/2019 1 06/08/2019 Reference material